| 000 | 00643nam a2200193 a 4500 | ||
|---|---|---|---|
| 005 | 20240924063927.0 | ||
| 008 | 991125s1996 mx 000 0 spa u | ||
| 035 | _aUPN01000006278 | ||
| 049 | _aF | ||
| 050 | 4 |
_aLB5 _bD54 no.48 |
|
| 100 | 1 |
_aSchmelkes del Valle, Sylvia, _d1948- _929981 |
|
| 245 | 1 | 3 |
_aLa calidad de la educación básica : _bconversaciones con maestros / _cSylvia Schmelkes. |
| 260 |
_aMéxico : _bIPN, Centro de Investigación y de Estudios Avanzados, _c1996. |
||
| 300 | _a20 p. | ||
| 440 | 0 |
_aDocumento DIE ; _v48 |
|
| 650 | 4 |
_aCalidad de la educación _94684 |
|
| 650 | 4 |
_aEducación _xInvestigación _94070 |
|
| 905 | _aLibro | ||
| 999 |
_c6278 _d6278 |
||